000 00726nas a2200241 4500
001 BR9511094
003 BR-BrBNA
005 20231205095557.0
007 ta
008 230509b bl.|||p| |||| 00| 00por d
040 _aBR-BrBNA
_bpor
_cBiblioteca Nacional de Agricultura
041 _a(Pt)
072 _aE16; U10
100 1 _aKreuz, C.L.
100 1 _aLanzer, E.A.
100 1 _aParis, Q.
245 1 _aFuncoes de producao von Liebig com rendimentos decrescentes
650 _aFator de Producao
650 _aModelo Matematico
773 0 _tPesquisa Agropecuaria Brasileira (Brazil)
_xISSN 0100-204X
_g(Jan 1995), v. 30(1) p. 95-106
_wBR9511094
909 _a202311
_bLúcia
_c55
_dLúcia Elande
942 _2AGRIS
_n0
_cANA
999 _c151469
_d151469